Ces joueurs qui détestent Kylian Mbappé - Statistiques

Statistiques générales
  • Ce quiz a été pris 613 fois
  • Le résultat moyen est 3 sur 10
Statistiques - réponses
Hint Réponse % Correct
2 Lionel Messi
96%
1 Neymar
89%
6 Olivier Giroud
23%
4 Gerard Piqué
15%
7 Paul Pogba
14%
3 Jordi Alba
12%
5 Rooney
5%
9 Enzo Fernandez
3%
8 Benoit Assou-Ekotto
2%
10 Les joueurs sud-américains
2%
Aucun quiz correspondant
Distribution des résultats
% des personnes avec chaque résultat
Percentile par nombre de réponses
Votre historique - résultats
Vous n’avez pas pris ce quiz